Dlouhodobé tendence ve vývoji struktury československého hospodářství

Saved in:
Bibliographic Details
Main Author: Průcha, Václav
Other Authors: Kalinová, Lenka
Format: Book
Language:Czech
Published: Praha Horizont 1981
Series:Na pomoc národnímu hospodářství
Tags: Add Tag
No Tags, Be the first to tag this record!

MARC

LEADER 00000nam a2200000 4500
001 c127260
005 20041019155240.2
041 0 |a cze 
044 |a CZ 
245 1 0 |a Dlouhodobé tendence ve vývoji struktury československého hospodářství  |c Václav Průcha, Lenka Kalinová 
264 1 |a Praha  |b Horizont  |c 1981 
300 |a 182 s. 
490 1 |a Na pomoc národnímu hospodářství 
830 0 |a Na pomoc národnímu hospodářství 
100 1 |a Průcha, Václav 
700 1 |a Kalinová, Lenka